000 00321nam a2200121Ia 4500
008 240624s9999 xx 000 0 und d
041 _aeng
082 _a658.4012 SIN
100 _aSINGLA ASHIM RAJ
245 _aENTERPRISE RESOURCE PLANNING
260 _c2008
_aNew Delhi
_bCengage Learning
300 _axv, : 288p. ; 23cm.
999 _c28778
_d28778